000 00653cam a22002172 4500
001 0000003831
005 20151217151936.0
008 070515s xx 000 0 eng d
020 _a0471979368 :
040 _aKABU
_cKABU
050 0 _aQC776
_b.L45 2006
100 1 _aLilley, J. S.
_@0000154026
245 1 0 _aNuclear physics :
_bPrinciples and applications.
260 _aNew York :
_bJ. Wiley,
_c2006.
300 _axvi, 393 p.
650 0 _aNuclear physics.
_@0000154022
852 1 _9p4550 KES
852 1 _9p4550 KES
908 _a070515
950 _@1
999 _c6552
_d6552